000 00652nam a2200241 a 4500
005 20210219153519.0
008 991125n 000 0 u
035 _aUPN01000104498
100 _aHarper, C. W.
222 _aSOCIAL EDUCATION
245 _aUsing slave advertisements as historical evidence : a lesson in discovery
300 _a186-190
362 _a56, No. 3, 1992
505 _aFebrero 1993
653 0 _aESCLAVITUD
653 0 _aINSTRUCCION DE HISTORIA
653 0 _aMATERIALES EDUCATIVOS
653 0 _aPERIODICOS
653 0 _aPUBLICIDAD
653 0 _aRECURSOS PRIMARIOS
904 _aAC
_b042309
905 _aArticulo
999 _c78933
_d78933